MARC
|
|
|
|
| LEADER |
00000naa0a2200000 4500 |
| 001 |
595226 |
| 005 |
20250227094030.0 |
| 035 |
|
|
|a (RuTPU)RU\TPU\tpu\15783
|
| 035 |
|
|
|a RU\TPU\book\139127
|
| 090 |
|
|
|a 595226
|
| 100 |
|
|
|a 20090210d1972 k||y0rusy50 ca
|
| 101 |
0 |
|
|a rus
|
| 102 |
|
|
|a RU
|
| 200 |
1 |
|
|a Гидрогеохимические особенности межгорных впадин Алтае - Саянской области
|f Г. А. Плевако [и др.]
|
| 461 |
|
|
|t Вопросы географии Кузбасса и Горного Алтая
|d 1972
|
| 463 |
|
|
|t Вып. 6 : Геология, геоморфология, физическая география
|v С. 47-62
|d 1972
|
| 610 |
1 |
|
|a труды учёных ТПУ
|
| 700 |
|
1 |
|a Плевако
|b Г. А.
|
| 701 |
|
1 |
|a Рассказов
|b Н. М.
|
| 701 |
|
1 |
|a Удодов
|b П. А.
|
| 701 |
|
1 |
|a Покровский
|b Д. С.
|
| 801 |
|
1 |
|a RU
|b 63413507
|c 20080109
|g PSBO
|
| 801 |
|
2 |
|a RU
|b 63413507
|c 20090210
|g PSBO
|
| 942 |
|
|
|c CR
|